[Event "YUG-chT"]
[Site "Vrnjacka Banja"]
[Date "1996.??.??"]
[Round "?"]
[White "Ilic, Zoran S"]
[Black "Jakovljevic, Milan"]
[Result "1/2-1/2"]
[WhiteElo "2400"]
[BlackElo "2295"]
[PlyCount "39"]
[EventDate "1996.??.??"]
[EventType "team"]
[EventRounds "11"]
[EventCountry "YUG"]
[SourceTitle "EXT 2000"]
[Source "ChessBase"]
[SourceDate "1999.11.16"]
[SourceVersion "1"]
[SourceVersionDate "1999.11.16"]
[SourceQuality "1"]

1. d4 Nf6 2. Nf3 g6 3. c4 Bg7 4. g3 0-0 5. Bg2 d6 6. 0-0 Nc6 7. Nc3 e5 8. d5 Ne7 9. e4 h6 10. Ne1 Nd7 11. Nd3 f5 12. Bd2 Nf6 13. Re1 fxe4 14. Nxe4 Nxe4 15. Bxe4 g5 16. Bc3 Nf5 17. a4 Bd7 18. b4 Nd4 19. Ra2 Qf6 20. Bxd4 1/2-1/2

[Event "YUG-chT"]
[Site "Budva"]
[Date "1996.??.??"]
[Round "6"]
[White "Jakovljevic, Milan"]
[Black "Blagojevic, Dragisa"]
[Result "0-1"]
[WhiteElo "2295"]
[BlackElo "2450"]
[PlyCount "83"]
[EventDate "1996.??.??"]
[EventType "team"]
[EventRounds "6"]
[EventCountry "YUG"]
[SourceTitle "CBM 053 Extra"]
[Source "ChessBase"]
[SourceDate "1996.09.01"]
[SourceVersion "1"]
[SourceVersionDate "1996.09.01"]
[SourceQuality "1"]

1. e4 e5 2. Nf3 Nc6 3. Bc4 Be7 4. d4 d6 5. dxe5 dxe5 6. Qxd8+ Bxd8 7. Bb5 Bd7 8. 0-0 Nge7 9. h3 f6 10. c3 Nc8 11. Bd3 Be7 12. Be3 Nb6 13. Nbd2 0-0-0 14. Bc2 Na5 15. b3 Be6 16. Rad1 Nc6 17. Nb1 Nd7 18. Rd2 a6 19. Rfd1 b5 20. Ne1 Nc5 21. Rxd8+ Nxd8 22. f3 Kb7 23. Nd3 Nxd3 24. Bxd3 c5 25. Be2 Nc6 26. Nd2 Rd8 27. Rc1 Na5 28. Kf2 Rc8 29. a4 bxa4 30. bxa4 Rc6 31. f4 exf4 32. Bxf4 Rb6 33. e5 f5 34. g4 Rb2 35. c4 g5 36. gxf5 gxf4 37. fxe6 Rxd2 38. Kf3 Kc7 39. Rg1 Nc6 40. Rg7 Nxe5+ 41. Kxf4 Kd6 42. Bg4 0-1

[Event "YUG-chT"]
[Site "Vrnjacka Banja"]
[Date "1996.??.??"]
[Round "?"]
[White "Manic, Jovica"]
[Black "Jakovljevic, Milan"]
[Result "1/2-1/2"]
[WhiteElo "2340"]
[BlackElo "2295"]
[PlyCount "41"]
[EventDate "1996.??.??"]
[EventType "team"]
[EventRounds "11"]
[EventCountry "YUG"]
[SourceTitle "EXT 2000"]
[Source "ChessBase"]
[SourceDate "1999.11.16"]
[SourceVersion "1"]
[SourceVersionDate "1999.11.16"]
[SourceQuality "1"]

1. Nf3 Nf6 2. c4 c5 3. e3 g6 4. b3 Bg7 5. Bb2 0-0 6. d4 Ne4 7. Qc2 Qa5+ 8. Nbd2 Nxd2 9. Qxd2 Qxd2+ 10. Kxd2 Nc6 11. Bc3 d6 12. a3 cxd4 13. Nxd4 Bd7 14. Bd3 a6 15. Be4 Rac8 16. a4 Rfd8 17. Rac1 Nxd4 18. Bxd4 Bc6 19. Bxc6 Rxc6 20. Bxg7 Kxg7 21. e4 1/2-1/2

[Event "YUG-chT"]
[Site "Vrnjacka Banja"]
[Date "1996.??.??"]
[Round "?"]
[White "Notaros, Krasoje"]
[Black "Jakovljevic, Milan"]
[Result "1/2-1/2"]
[WhiteElo "2360"]
[BlackElo "2295"]
[PlyCount "50"]
[EventDate "1996.??.??"]
[EventType "team"]
[EventRounds "11"]
[EventCountry "YUG"]
[SourceTitle "EXT 2000"]
[Source "ChessBase"]
[SourceDate "1999.11.16"]
[SourceVersion "1"]
[SourceVersionDate "1999.11.16"]
[SourceQuality "1"]

1. Nf3 Nf6 2. c4 e6 3. g3 d5 4. Bg2 Be7 5. d4 0-0 6. 0-0 c6 7. Nc3 Nbd7 8. b3 Re8 9. Qc2 b6 10. e4 dxe4 11. Nxe4 Bb7 12. Ne5 Nxe5 13. dxe5 Nxe4 14. Bxe4 h6 15. Bb2 Qc7 16. Rad1 Rad8 17. Rxd8 Rxd8 18. Rd1 c5 19. Rxd8+ Bxd8 20. Bxb7 Qxb7 21. Qd3 Be7 22. h4 h5 23. f3 Qc7 24. Kf2 Qd8 25. Qxd8+ Bxd8 1/2-1/2

[Event "YUG-chT2"]
[Site "Tivat"]
[Date "1995.??.??"]
[Round "5"]
[White "Jakovljevic, Milan"]
[Black "Kontic, Djordjije"]
[Result "1/2-1/2"]
[WhiteElo "2330"]
[BlackElo "2400"]
[PlyCount "24"]
[EventDate "1995.??.??"]
[EventType "team"]
[EventRounds "11"]
[EventCountry "YUG"]
[SourceTitle "EXT 2002"]
[Source "ChessBase"]
[SourceDate "2001.11.25"]
[SourceVersion "1"]
[SourceVersionDate "2001.11.25"]
[SourceQuality "1"]

1. Nf3 f5 2. d4 Nf6 3. g3 g6 4. Bg2 Bg7 5. c4 0-0 6. Nc3 d6 7. 0-0 Nc6 8. d5 Na5 9. Qc2 Bd7 10. b3 c5 11. Bb2 a6 12. e4 Ng4 1/2-1/2

[Event "YUG-chT Cup"]
[Site "Becici"]
[Date "1994.??.??"]
[Round "?"]
[White "Ilincic, Zlatko"]
[Black "Jakovljevic, Milan"]
[Result "1-0"]
[WhiteElo "2530"]
[BlackElo "2340"]
[PlyCount "69"]
[EventDate "1994.??.??"]
[EventType "team"]
[EventRounds "6"]
[EventCountry "YUG"]
[SourceTitle "EXT 2000"]
[Source "ChessBase"]
[SourceDate "1999.11.16"]
[SourceVersion "1"]
[SourceVersionDate "1999.11.16"]
[SourceQuality "1"]

1. d4 Nf6 2. c4 e6 3. Nc3 d5 4. cxd5 exd5 5. Bg5 Be7 6. e3 0-0 7. Qc2 c6 8. Bd3 Nbd7 9. Nf3 Re8 10. 0-0 Nf8 11. h3 g6 12. Ne5 N6d7 13. Bxe7 Qxe7 14. Nxd7 Nxd7 15. Rab1 Qh4 16. Rfc1 Nf6 17. b4 Bxh3 18. gxh3 Qxh3 19. Bf1 Qh4 20. Bg2 Ng4 21. Nd1 Re6 22. b5 Rae8 23. bxc6 bxc6 24. Rb3 Rf6 25. Qe2 Ree6 26. Rc5 Rf4 27. Rxc6 Rxd4 28. Rc8+ Kg7 29. Qb2 Nxe3 30. Nxe3 Rf6 31. Rc2 h5 32. Rd2 Rxd2 33. Qxd2 d4 34. Nd5 Re6 35. Rb4 1-0

[Event "YUG-chT2"]
[Site "Yugoslavia"]
[Date "1994.??.??"]
[Round "6"]
[White "Jakovljevic, Milan"]
[Black "Narancic, Vlado"]
[Result "0-1"]
[WhiteElo "2340"]
[BlackElo "2385"]
[PlyCount "86"]
[EventDate "1994.??.??"]
[EventType "team"]
[EventRounds "11"]
[EventCountry "YUG"]
[SourceTitle "EXT 1997"]
[Source "ChessBase"]
[SourceDate "1996.11.15"]
[SourceVersion "1"]
[SourceVersionDate "1996.11.15"]
[SourceQuality "1"]

1. e4 c5 2. Nf3 d6 3. d4 cxd4 4. Nxd4 Nf6 5. Nc3 a6 6. Bg5 e6 7. f4 Be7 8. Qf3 Nbd7 9. 0-0-0 Qc7 10. Rd2 h6 11. Bh4 g5 12. fxg5 Ne5 13. Qf2 Nfg4 14. Qe2 hxg5 15. Bg3 Bd7 16. h3 Nf6 17. Nf3 Nh5 18. Bh2 b5 19. Qe3 b4 20. Nd1 Rg8 21. Qd4 Nf4 22. Ne3 Bb5 23. Ng4 Nxg4 24. hxg4 Qc5 25. Bxb5+ axb5 26. Bxf4 gxf4 27. Rh8 Rxh8 28. Qxh8+ Bf8 29. b3 Rxa2 30. Kb1 Ra8 31. Qd4 Qxd4 32. Nxd4 Bg7 33. Rd3 Be5 34. Kc1 Ra1+ 35. Kd2 Rg1 36. Nxb5 Rxg2+ 37. Kd1 Ke7 38. Na7 Kd7 39. Nb5 Kc6 40. Nd4+ Kc5 41. Nf3 Rxg4 42. Nxe5 dxe5 43. Rd7 f5 0-1

[Event "YUG-chT2"]
[Site "Yugoslavia"]
[Date "1994.??.??"]
[Round "11"]
[White "Kontic, Djordjije"]
[Black "Jakovljevic, Milan"]
[Result "1/2-1/2"]
[WhiteElo "2390"]
[BlackElo "2340"]
[PlyCount "107"]
[EventDate "1994.??.??"]
[EventType "team"]
[EventRounds "11"]
[EventCountry "YUG"]
[SourceTitle "EXT 1997"]
[Source "ChessBase"]
[SourceDate "1996.11.15"]
[SourceVersion "1"]
[SourceVersionDate "1996.11.15"]
[SourceQuality "1"]

1. e4 d6 2. f4 c6 3. d4 d5 4. e5 g6 5. Nf3 Na6 6. c3 Nc7 7. Na3 Nh6 8. Nc2 Bg7 9. Ne3 Ne6 10. g3 Bd7 11. Bg2 Qc8 12. h3 f6 13. 0-0 f5 14. b3 Nc7 15. c4 Be6 16. Ng5 0-0 17. Qf3 Rd8 18. Rd1 Nf7 19. h4 Nxg5 20. hxg5 a5 21. Ba3 Qd7 22. Bc5 a4 23. Bf1 Kf7 24. Bb6 Rdc8 25. Qh1 axb3 26. axb3 Rxa1 27. Rxa1 Na8 28. cxd5 cxd5 29. Bc5 b6 30. Bb4 Nc7 31. Qh2 Nb5 32. Qd2 Qc6 33. Kg2 Bd7 34. Ra6 Qb7 35. Ra2 Bf8 36. g4 fxg4 37. Kg3 Kg8 38. e6 Be8 39. Bg2 Rd8 40. Nxg4 Bg7 41. Ne5 Nd6 42. Bxd6 Rxd6 43. Bh3 Rd8 44. Bg4 Qc7 45. Bf3 Rc8 46. Qb4 h6 47. gxh6 Bxh6 48. Rh2 Bg7 49. Bxd5 g5 50. Be4 Qc1 51. Bh7+ Kf8 52. Qd2 Qg1+ 53. Rg2 Qh1 54. Rh2 1/2-1/2

[Event "YUG-Cup 33rd"]
[Site "Pula"]
[Date "1990.05.20"]
[Round "5"]
[White "Kosanovic, Goran A"]
[Black "Jakovljevic, Milan"]
[Result "1-0"]
[WhiteElo "2405"]
[BlackElo "2340"]
[PlyCount "49"]
[EventDate "1990.05.16"]
[EventType "team"]
[EventRounds "5"]
[EventCountry "YUG"]
[SourceTitle "TD"]
[Source "ChessBase"]
[SourceDate "1994.03.01"]
[SourceVersion "1"]
[SourceVersionDate "1994.03.01"]
[SourceQuality "1"]
[WhiteTeam "Jedinstvo"]
[BlackTeam "Pristina"]
[WhiteTeamCountry "YUG"]
[BlackTeamCountry "YUG"]

1. e4 e6 2. d4 d5 3. Nc3 Bb4 4. e5 c5 5. a3 Bxc3+ 6. bxc3 Ne7 7. Qg4 0-0 8. Bd3 f5 9. Qh3 Qc7 10. Bd2 Nbc6 11. Nf3 Bd7 12. 0-0 h6 13. Bxh6 gxh6 14. Qxh6 Rf7 15. Ng5 Nd8 16. Nxf7 Nxf7 17. Qf6 Qd8 18. f4 Nc6 19. Qg6+ Kf8 20. Rab1 Rb8 21. Rf3 Qh4 22. Rh3 Qxf4 23. Qf6 Ne7 24. Rh7 Be8 25. Qg7# 1-0

[Event "YUG-Cup 33rd"]
[Site "Pula"]
[Date "1990.05.19"]
[Round "4"]
[White "Jakovljevic, Milan"]
[Black "Bajovic, Nikola M"]
[Result "1/2-1/2"]
[WhiteElo "2340"]
[BlackElo "2330"]
[PlyCount "42"]
[EventDate "1990.05.16"]
[EventType "team"]
[EventRounds "5"]
[EventCountry "YUG"]
[SourceTitle "TD"]
[Source "ChessBase"]
[SourceDate "1994.03.01"]
[SourceVersion "1"]
[SourceVersionDate "1994.03.01"]
[SourceQuality "1"]
[WhiteTeam "Pristina"]
[BlackTeam "Niksic"]
[WhiteTeamCountry "YUG"]
[BlackTeamCountry "YUG"]

1. e4 e6 2. d4 d5 3. Nd2 c5 4. exd5 Qxd5 5. Ngf3 cxd4 6. Bc4 Qd6 7. 0-0 Nf6 8. Nb3 Nc6 9. Nbxd4 Nxd4 10. Nxd4 a6 11. c3 Bd7 12. Qe2 Qc7 13. h3 0-0-0 14. a4 Kb8 15. a5 Rc8 16. Bb3 Bd6 17. Re1 Bh2+ 18. Kh1 Bf4 19. Bxf4 Qxf4 20. Qe5+ Qxe5 21. Rxe5 Rhd8 1/2-1/2